[Event "IECG CA.2002.0.00063 email"]
[Site "IECG email"]
[Date "2002.07.30"]
[Round "?"]
[White "Massimini Gerbino, Massimiliano"]
[Black "Uralde, Oscar"]
[Result "1-0"]
[WhiteElo "2077"]
[BlackElo "2156"]
[PlyCount "45"]
[EventDate "2002.07.30"]
[EventType "tourn (corr)"]
[EventRounds "6"]
[SourceTitle "Corr 2008"]
[Source "ChessBase"]
[SourceDate "2008.06.24"]
[SourceVersion "1"]
[SourceVersionDate "2008.06.24"]
[SourceQuality "1"]

1. d4 Nf6 2. c4 e6 3. Nf3 b6 4. e3 Bb7 5. Bd3 d5 6. 0-0 Bd6 7. Nc3 a6 8. cxd5 Nxd5 9. Nxd5 exd5 10. Qc2 h6 11. e4 Nc6 12. e5 Be7 13. Bd2 0-0 14. Rac1 Bb4 15. Be3 Ba5 16. Bh7+ Kh8 17. Bf5 b5 18. Qb3 Re8 19. Qd1 Bb6 20. Ng5 Qe7 21. Qh5 Kg8 22. Rxc6 Bxc6 23. Nh7 1-0

[Event "IECG CA.2002.0.00063 email"]
[Site "IECG email"]
[Date "2002.07.30"]
[Round "?"]
[White "Uralde, Oscar"]
[Black "Dyakov, Alexander V"]
[Result "0-1"]
[WhiteElo "2156"]
[BlackElo "2168"]
[PlyCount "46"]
[EventDate "2002.07.30"]
[EventType "tourn (corr)"]
[EventRounds "6"]
[SourceTitle "Corr 2008"]
[Source "ChessBase"]
[SourceDate "2008.06.24"]
[SourceVersion "1"]
[SourceVersionDate "2008.06.24"]
[SourceQuality "1"]

1. e4 c6 2. d4 d5 3. Nc3 dxe4 4. Nxe4 Nd7 5. Nf3 Ngf6 6. Ng3 e6 7. Bd3 c5 8. 0-0 cxd4 9. Nxd4 Bc5 10. Be3 0-0 11. Nh5 Nd5 12. c3 Nxe3 13. fxe3 Ne5 14. Nf4 Nxd3 15. Nxd3 Bd6 16. Qe2 Qb6 17. Kh1 Bd7 18. e4 f6 19. Rad1 e5 20. Nf5 Bxf5 21. Rxf5 Rad8 22. Rff1 Qb5 23. b3 Qc6 0-1

[Event "IECG TE.2002.P.01010 email"]
[Site "IECG email"]
[Date "2002.03.28"]
[Round "?"]
[White "Aberbach Peltzman, Angel Sergio"]
[Black "Uralde, Oscar"]
[Result "1/2-1/2"]
[WhiteElo "2232"]
[BlackElo "2179"]
[PlyCount "50"]
[EventDate "2002.03.28"]
[EventType "tourn (corr)"]
[EventRounds "12"]
[SourceTitle "Corr 2008"]
[Source "ChessBase"]
[SourceDate "2008.06.24"]
[SourceVersion "1"]
[SourceVersionDate "2008.06.24"]
[SourceQuality "1"]

1. e4 e5 2. Nf3 Nc6 3. Bb5 Bc5 4. 0-0 Nf6 5. c3 0-0 6. d4 Bb6 7. Bg5 h6 8. Bh4 d6 9. Bxc6 bxc6 10. dxe5 dxe5 11. Nbd2 Re8 12. Qc2 Bg4 13. h3 Bh5 14. Rfe1 Qe7 15. b4 Qe6 16. Bg3 Nd7 17. Qb3 Qxb3 18. Nxb3 a5 19. a4 f6 20. Nfd2 Bf7 21. Red1 Red8 22. Rdc1 c5 23. bxa5 Bxa5 24. f4 exf4 25. Bxf4 Rdc8 1/2-1/2

[Event "IECG TE.2002.P.01010 email"]
[Site "IECG email"]
[Date "2002.03.28"]
[Round "?"]
[White "Navarro Segura, Roberto"]
[Black "Uralde, Oscar"]
[Result "0-1"]
[WhiteElo "2005"]
[BlackElo "2179"]
[PlyCount "31"]
[EventDate "2002.03.28"]
[EventType "tourn (corr)"]
[EventRounds "12"]
[SourceTitle "Corr 2008"]
[Source "ChessBase"]
[SourceDate "2008.06.24"]
[SourceVersion "1"]
[SourceVersionDate "2008.06.24"]
[SourceQuality "1"]

1. e4 e5 2. Nf3 Nc6 3. Bb5 Bc5 4. Bxc6 dxc6 5. Nxe5 Bxf2+ 6. Kxf2 Qd4+ 7. Ke1 Qxe5 8. Qf3 f5 9. d3 Nf6 10. Nc3 fxe4 11. dxe4 0-0 12. Bf4 Qe7 13. Qe2 Bg4 14. Qc4+ Be6 15. Qe2 Qb4 16. Bd2 0-1

[Event "IECG TE.2002.P.01010 email"]
[Site "IECG email"]
[Date "2002.03.28"]
[Round "?"]
[White "Perez, Giorgio"]
[Black "Uralde, Oscar"]
[Result "0-1"]
[WhiteElo "1907"]
[BlackElo "2179"]
[PlyCount "104"]
[EventDate "2002.03.28"]
[EventType "tourn (corr)"]
[EventRounds "12"]
[SourceTitle "Corr 2008"]
[Source "ChessBase"]
[SourceDate "2008.06.24"]
[SourceVersion "1"]
[SourceVersionDate "2008.06.24"]
[SourceQuality "1"]

1. e4 e5 2. Nf3 Nc6 3. Bb5 Bc5 4. c3 f5 5. d4 fxe4 6. Bxc6 dxc6 7. Nfd2 Bd6 8. dxe5 e3 9. fxe3 Bc5 10. Qh5+ g6 11. Qf3 Qh4+ 12. g3 Qg5 13. Ne4 Qxe5 14. Nxc5 Qxc5 15. e4 Be6 16. Be3 Qb5 17. b3 h6 18. c4 Qe5 19. 0-0 0-0-0 20. Nd2 Rh7 21. Rad1 Rhd7 22. Qf2 Bh3 23. Rfe1 Qb2 24. Rb1 Qg7 25. Nf3 Rf7 26. Bxh6 Nxh6 27. Qxa7 Rd3 28. Ng5 Qe5 29. Re3 Rf1+ 30. Rxf1 Bxf1 31. Kxf1 Qa1+ 32. Re1 Qf6+ 33. Kg1 Qxg5 34. e5 Qd2 35. Rf1 Kd7 36. Qf2 Qxf2+ 37. Rxf2 Ng4 38. Rf7+ Ke6 39. Rxc7 Rd1+ 40. Kg2 Rd2+ 41. Kf3 Nxe5+ 42. Kf4 b6 43. a4 Rxh2 44. Rb7 Nd7 45. c5 bxc5 46. a5 Ra2 47. Ra7 Ra3 48. a6 Rxb3 49. Ra8 Ra3 50. a7 Kd5 51. g4 c4 52. g5 c3 0-1

[Event "IECG CP.2000.Q.00006"]
[Site "IECG email"]
[Date "2001.10.01"]
[Round "?"]
[White "Bopp, Thomas"]
[Black "Uralde, Oscar"]
[Result "1/2-1/2"]
[WhiteElo "1519"]
[BlackElo "2406"]
[PlyCount "128"]
[EventDate "2001.10.01"]
[EventType "tourn (corr)"]
[EventRounds "6"]
[SourceTitle "Corr 2008"]
[Source "ChessBase"]
[SourceDate "2008.06.24"]
[SourceVersion "1"]
[SourceVersionDate "2008.06.24"]
[SourceQuality "1"]

1. e4 c5 2. Nf3 Nc6 3. Bb5 g6 4. 0-0 Bg7 5. Nc3 Nd4 6. Bc4 a6 7. d3 b5 8. Bd5 Rb8 9. Nxd4 Bxd4 10. Ne2 Bg7 11. a4 Nf6 12. axb5 Nxd5 13. exd5 axb5 14. d4 c4 15. Bf4 d6 16. Qd2 0-0 17. Bh6 Bb7 18. Ra3 Re8 19. Bxg7 Kxg7 20. Rh3 Rh8 21. Qh6+ Kg8 22. Nf4 Qf8 23. Qh4 h6 24. Rg3 g5 25. Nh3 f6 26. f4 Qg7 27. Qg4 Bc8 28. Qe2 Ra8 29. b3 cxb3 30. Rxb3 Bd7 31. Rg3 Rb8 32. f5 Kf7 33. Re1 Rhe8 34. Qe4 Qh7 35. Rf3 Kf8 36. Nf2 b4 37. Rb1 Rb5 38. Ng4 Qf7 39. Ne3 Reb8 40. Rff1 Qe8 41. Rb2 Qc8 42. Ng4 h5 43. Ne3 Ra5 44. Rd1 Ra3 45. Re1 Be8 46. Nd1 Rb7 47. Rxb4 Rxb4 48. Qxe7+ Kg8 49. Qxd6 Raa4 50. Qxf6 Ra7 51. Nc3 Qb8 52. Qxg5+ Rg7 53. Qe3 Bf7 54. Ne4 Qb6 55. d6 Qxd4 56. d7 Kh8 57. Nc5 Bg8 58. c3 Qxe3+ 59. Rxe3 Rb1+ 60. Kf2 Rd1 61. Re8 Rgxd7 62. Nxd7 Rxd7 63. g4 hxg4 64. Kg3 Rc7 1/2-1/2

[Event "IECG CP.2000.Q.00006"]
[Site "IECG email"]
[Date "2001.10.01"]
[Round "?"]
[White "Surmont, Eric"]
[Black "Uralde, Oscar"]
[Result "1-0"]
[WhiteElo "1961"]
[BlackElo "2406"]
[PlyCount "92"]
[EventDate "2001.10.01"]
[EventType "tourn (corr)"]
[EventRounds "6"]
[SourceTitle "Corr 2008"]
[Source "ChessBase"]
[SourceDate "2008.06.24"]
[SourceVersion "1"]
[SourceVersionDate "2008.06.24"]
[SourceQuality "1"]

1. Nf3 d5 2. g3 Nf6 3. Bg2 c6 4. 0-0 Bg4 5. d3 Nbd7 6. Nbd2 e5 7. c4 Bd6 8. cxd5 cxd5 9. e4 0-0 10. h3 Be6 11. Ng5 Rc8 12. b3 Nc5 13. Qe2 h6 14. Nxe6 Nxe6 15. Nf3 d4 16. Nh4 Bb4 17. Rb1 Nd7 18. Nf5 Re8 19. f4 Qb6 20. Rf2 Qa6 21. Bf1 Bf8 22. b4 g6 23. Nh4 Nc7 24. Qg4 Qc6 25. Bd2 Bg7 26. Rc1 Qa4 27. Be1 h5 28. Qf3 Nb5 29. Rxc8 Rxc8 30. f5 Rf8 31. Bd2 Qxa2 32. Bg5 Qb3 33. f6 Qe6 34. fxg7 Kxg7 35. Nf5+ Kh7 36. h4 f6 37. Bd2 Nb8 38. Bh3 Nc6 39. Kh2 Qe8 40. Nh6 Kh8 41. g4 hxg4 42. Bxg4 Kg7 43. h5 g5 44. Nf5+ Kg8 45. h6 Nc7 46. Bh5 Qd7 1-0

[Event "IECG CP.2000.Q.00006"]
[Site "IECG email"]
[Date "2001.10.01"]
[Round "?"]
[White "Uralde, Oscar"]
[Black "Jimenez Alonso, Julio"]
[Result "1-0"]
[WhiteElo "2406"]
[BlackElo "2039"]
[PlyCount "81"]
[EventDate "2001.10.01"]
[EventType "tourn (corr)"]
[EventRounds "6"]
[SourceTitle "Corr 2008"]
[Source "ChessBase"]
[SourceDate "2008.06.24"]
[SourceVersion "1"]
[SourceVersionDate "2008.06.24"]
[SourceQuality "1"]

1. e4 c5 2. Nf3 d6 3. d4 cxd4 4. Nxd4 Nf6 5. Nc3 a6 6. Be3 e6 7. f3 b5 8. g4 Nfd7 9. Qd2 Nb6 10. 0-0-0 Bb7 11. Nb3 Nc6 12. Qf2 Nd7 13. Kb1 Rc8 14. f4 Be7 15. h4 Na5 16. Bd3 Nxb3 17. axb3 Qa5 18. g5 Nc5 19. Bxc5 dxc5 20. h5 0-0 21. Rhf1 c4 22. bxc4 bxc4 23. Be2 Bb4 24. Na2 Bxe4 25. h6 Bxc2+ 26. Kxc2 Qxa2 27. Qd4 Qa4+ 28. Kb1 f6 29. hxg7 Rf7 30. gxf6 c3 31. Qd8+ Qe8 32. Qxe8+ Rxe8 33. Bh5 a5 34. Bxf7+ Kxf7 35. Rh1 Kxf6 36. Rxh7 Rg8 37. Rd7 Kg6 38. Rh3 cxb2 39. Kxb2 Bc5 40. Kb3 Bb4 41. Kc4 1-0

[Event "CAPA 5/03 email"]
[Site "Argentina"]
[Date "2001.??.??"]
[Round "2"]
[White "Ramirez, Abraham Raul"]
[Black "Uralde, Oscar"]
[Result "0-1"]
[WhiteElo "2455"]
[BlackElo "2420"]
[PlyCount "56"]
[EventDate "2001.??.??"]
[EventType "tourn (corr)"]
[EventRounds "6"]
[EventCountry "ARG"]
[SourceTitle "Corr 2002"]
[Source "ChessBase"]
[SourceDate "2002.05.23"]
[SourceVersion "1"]
[SourceVersionDate "2002.05.23"]
[SourceQuality "1"]

1. d4 Nf6 2. c4 e6 3. Nc3 Bb4 4. Qc2 0-0 5. a3 Bxc3+ 6. Qxc3 b6 7. Nf3 h6 8. g3 Bb7 9. Bg2 d6 10. 0-0 Nbd7 11. b3 Qe7 12. Bb2 Be4 13. Rfd1 Rfc8 14. b4 c5 15. dxc5 bxc5 16. Rac1 Rab8 17. Qd2 Rb6 18. b5 d5 19. a4 d4 20. a5 Rd6 21. Ba3 e5 22. a6 Qe6 23. Qa2 Nb6 24. Qb3 Ba8 25. Bf1 e4 26. Nh4 g5 27. Ng2 Ng4 28. Rc2 Ne5 0-1

[Event "CAPA 5/03 email"]
[Site "Argentina"]
[Date "2001.??.??"]
[Round "?"]
[White "Torres, Alejo Santiago Jose"]
[Black "Uralde, Oscar"]
[Result "0-1"]
[WhiteElo "2210"]
[BlackElo "2420"]
[PlyCount "98"]
[EventDate "2001.??.??"]
[EventType "tourn (corr)"]
[EventRounds "6"]
[EventCountry "ARG"]
[SourceTitle "Corr 2002"]
[Source "ChessBase"]
[SourceDate "2002.05.23"]
[SourceVersion "1"]
[SourceVersionDate "2002.05.23"]
[SourceQuality "1"]

1. e4 e5 2. Nf3 Nc6 3. Bc4 Nf6 4. Ng5 d5 5. exd5 Na5 6. d3 h6 7. Nf3 e4 8. Qe2 Nxc4 9. dxc4 Bc5 10. c3 b5 11. b4 Be7 12. Nfd2 Bg4 13. Qe3 bxc4 14. 0-0 Qxd5 15. Re1 Bf5 16. f3 Qd3 17. fxe4 Be6 18. Nf3 0-0 19. Nd4 Bd7 20. Qf3 Bg4 21. Qxd3 cxd3 22. h3 Bd7 23. Re3 c5 24. bxc5 Bxc5 25. Nd2 Rfe8 26. Rxd3 Nxe4 27. Nxe4 Rxe4 28. Kh2 Bd6+ 29. Kg1 Rae8 30. Kf2 Bc5 31. Kg3 Bc8 32. a4 h5 33. Nf3 Bb7 34. Bf4 Rc4 35. a5 Be4 36. Re1 Kf8 37. Bd6+ Bxd6+ 38. Rxd6 Rxc3 39. Kh2 Bxf3 40. Rxe8+ Kxe8 41. gxf3 Rxf3 42. Ra6 g5 43. Rxa7 Ra3 44. a6 Kf8 45. Kg2 Kg7 46. Kh2 Kg6 47. Ra8 Kf5 48. a7 h4 49. Kg1 Kf4 0-1

[Event "CAPA 5/03 email"]
[Site "Argentina"]
[Date "2001.??.??"]
[Round "?"]
[White "Uralde, Oscar"]
[Black "Pires, Carlos Martin"]
[Result "1-0"]
[WhiteElo "2420"]
[BlackElo "2075"]
[PlyCount "51"]
[EventDate "2001.??.??"]
[EventType "tourn (corr)"]
[EventRounds "6"]
[EventCountry "ARG"]
[SourceTitle "Corr 2002"]
[Source "ChessBase"]
[SourceDate "2002.05.23"]
[SourceVersion "1"]
[SourceVersionDate "2002.05.23"]
[SourceQuality "1"]

1. e4 c5 2. Nf3 d6 3. Bb5+ Bd7 4. Bxd7+ Qxd7 5. c4 Nc6 6. d4 cxd4 7. Nxd4 Nf6 8. Nc3 g6 9. 0-0 Bg7 10. Nde2 0-0 11. f3 a6 12. a4 Qd8 13. Be3 Qa5 14. Kh1 Nd7 15. Qd2 Qb4 16. Nd5 Qxd2 17. Bxd2 e6 18. Ne3 Bxb2 19. Rab1 Bg7 20. Rxb7 Nc5 21. Rb6 Rfc8 22. a5 Bh6 23. Ra1 Ne5 24. Nf1 Bg7 25. Rc1 Ned7 26. Rbb1 1-0

[Event "IECG CP.2000.P.00113"]
[Site "IECG email"]
[Date "2000.10.01"]
[Round "?"]
[White "Uralde, Oscar"]
[Black "Silva, Raimundo"]
[Result "1-0"]
[WhiteElo "2416"]
[BlackElo "1583"]
[PlyCount "39"]
[EventDate "2000.10.01"]
[EventType "tourn (corr)"]
[EventRounds "6"]
[EventCountry "TUN"]
[SourceTitle "Corr 2008"]
[Source "ChessBase"]
[SourceDate "2008.06.24"]
[SourceVersion "1"]
[SourceVersionDate "2008.06.24"]
[SourceQuality "1"]

1. e4 e5 2. Nf3 Nf6 3. d4 exd4 4. e5 Qe7 5. Qe2 Nd5 6. Nxd4 Nc6 7. Nxc6 dxc6 8. c4 Nb6 9. b3 Bf5 10. Nd2 0-0-0 11. Bb2 Qe6 12. g3 Bb4 13. 0-0-0 Qg6 14. a3 Bg4 15. f3 Bxd2+ 16. Rxd2 Rxd2 17. Qxd2 Bxf3 18. Bh3+ Kb8 19. Rf1 Qh5 20. e6 1-0

[Event "Pereyra mem-B email"]
[Site "CAPA email"]
[Date "2000.08.02"]
[Round "?"]
[White "Britten, Daniel Roberto"]
[Black "Uralde, Oscar"]
[Result "1/2-1/2"]
[WhiteElo "2440"]
[BlackElo "2416"]
[PlyCount "52"]
[EventDate "1999.08.??"]
[EventType "tourn (corr)"]
[EventRounds "14"]
[EventCountry "ARG"]
[EventCategory "8"]
[SourceTitle "Corr 2002"]
[Source "ChessBase"]
[SourceDate "2002.05.23"]
[SourceVersion "1"]
[SourceVersionDate "2002.05.23"]
[SourceQuality "1"]

1. d4 Nf6 2. c4 e6 3. Nc3 Bb4 4. Qc2 0-0 5. a3 Bxc3+ 6. Qxc3 b6 7. Bg5 Bb7 8. f3 d5 9. e3 Nbd7 10. cxd5 exd5 11. Bd3 c5 12. Ne2 Rc8 13. 0-0 Ne4 14. Bxd8 Nxc3 15. bxc3 Rfxd8 16. a4 Bc6 17. Kf2 Re8 18. Rfb1 c4 19. Bc2 Re7 20. Ng3 Nf6 21. a5 b5 22. e4 dxe4 23. Bxe4 a6 24. Re1 g6 25. Bxc6 Rxe1 26. Rxe1 Rxc6 1/2-1/2

[Event "Pereyra mem-B email"]
[Site "CAPA email"]
[Date "2000.08.02"]
[Round "?"]
[White "Morais, Gustavo Joao FS"]
[Black "Uralde, Oscar"]
[Result "0-1"]
[WhiteElo "2436"]
[BlackElo "2416"]
[PlyCount "74"]
[EventDate "1999.08.??"]
[EventType "tourn (corr)"]
[EventRounds "14"]
[EventCountry "ARG"]
[EventCategory "8"]
[SourceTitle "Corr 2002"]
[Source "ChessBase"]
[SourceDate "2002.05.23"]
[SourceVersion "1"]
[SourceVersionDate "2002.05.23"]
[SourceQuality "1"]

1. e4 c6 2. d4 d5 3. Nc3 dxe4 4. Nxe4 Bf5 5. Ng3 Bg6 6. h4 h6 7. Nf3 Nd7 8. c3 e6 9. Bf4 Ngf6 10. Qb3 Nd5 11. Ne2 b5 12. Bg3 Be7 13. 0-0-0 0-0 14. Rd2 a5 15. Qd1 a4 16. Qe1 Qa5 17. h5 Bh7 18. Bh4 Bxh4 19. Rxh4 c5 20. dxc5 Nxc5 21. Rxd5 exd5 22. Ned4 Qb6 23. Bxb5 Bd3 24. Bc6 Rab8 25. Qd2 Ne4 26. Rxe4 dxe4 27. Ne5 Qc5 28. Nxd3 exd3 29. Bxa4 Qa5 30. b3 Rfc8 31. Bc6 Rb6 32. Kb2 Rbxc6 33. Nxc6 Rxc6 34. Qxd3 Qxh5 35. Qd8+ Kh7 36. Qd3+ g6 37. f3 Qg5 0-1

[Event "Pereyra mem-B email"]
[Site "CAPA email"]
[Date "2000.08.02"]
[Round "?"]
[White "Strand, Torgeir"]
[Black "Uralde, Oscar"]
[Result "1-0"]
[WhiteElo "2399"]
[BlackElo "2416"]
[PlyCount "95"]
[EventDate "1999.08.??"]
[EventType "tourn (corr)"]
[EventRounds "14"]
[EventCountry "ARG"]
[EventCategory "8"]
[SourceTitle "Corr 2002"]
[Source "ChessBase"]
[SourceDate "2002.05.23"]
[SourceVersion "1"]
[SourceVersionDate "2002.05.23"]
[SourceQuality "1"]

1. e4 e5 2. Nf3 Nc6 3. d4 exd4 4. Nxd4 Nf6 5. Nc3 Bb4 6. Nxc6 bxc6 7. Bd3 d5 8. exd5 0-0 9. 0-0 cxd5 10. Bg5 c6 11. Na4 h6 12. Bh4 Bd6 13. c4 Be6 14. Rc1 Bf4 15. Rc2 dxc4 16. Bxc4 Bf5 17. Rc3 Qxd1 18. Rxd1 Ne4 19. Ra3 Rab8 20. f3 Nd6 21. Bd3 Be6 22. b3 Nf5 23. Bxf5 Bxf5 24. Nc5 Bc7 25. Bf2 Bb6 26. g4 Bc8 27. b4 Re8 28. Rad3 a5 29. bxa5 Bxa5 30. Rb3 Bc7 31. Rxb8 Bxb8 32. a4 Ba7 33. Nd3 Bxf2+ 34. Kxf2 Rd8 35. Ke3 Ba6 36. Rd2 Bxd3 37. Rxd3 Ra8 38. Ra3 Ra5 39. Kd4 Kf8 40. Kc4 Ke7 41. Kb4 Ra6 42. a5 Kd6 43. f4 Ra8 44. a6 Rb8+ 45. Kc4 Ra8 46. a7 g6 47. Ra2 f6 48. h4 1-0

[Event "Pereyra mem-B email"]
[Site "CAPA email"]
[Date "2000.08.02"]
[Round "?"]
[White "Uralde, Oscar"]
[Black "Hedrera, Marcelo Ernesto"]
[Result "1-0"]
[WhiteElo "2416"]
[BlackElo "2447"]
[PlyCount "69"]
[EventDate "1999.08.??"]
[EventType "tourn (corr)"]
[EventRounds "14"]
[EventCountry "ARG"]
[EventCategory "8"]
[SourceTitle "Corr 2002"]
[Source "ChessBase"]
[SourceDate "2002.05.23"]
[SourceVersion "1"]
[SourceVersionDate "2002.05.23"]
[SourceQuality "1"]

1. Nf3 f5 2. d4 Nf6 3. g3 e6 4. Bg2 c6 5. c4 d5 6. 0-0 Bd6 7. b3 Qe7 8. Ne5 0-0 9. Nd2 b6 10. cxd5 exd5 11. Ndf3 Bb7 12. Bb2 a5 13. Nh4 Ne4 14. f3 Nc5 15. e4 Bxe5 16. dxe5 Ba6 17. Nxf5 Qe6 18. Nxg7 Kxg7 19. f4 Bxf1 20. f5 Rxf5 21. exf5 Qxf5 22. e6+ Kf8 23. Qxf1 Qxf1+ 24. Rxf1+ Ke7 25. Rf7+ Kxe6 26. Rxh7 b5 27. Bh3+ Kd6 28. Rh6+ Kc7 29. Be5+ Kb6 30. Rh8 Nca6 31. g4 Nd7 32. Rxa8 Nxe5 33. Re8 Ng6 34. g5 a4 35. Kf2 1-0

[Event "Reg Gillman mem-D corr"]
[Site "England"]
[Date "1999.12.01"]
[Round "?"]
[White "Gaujens, Artis"]
[Black "Uralde, Oscar"]
[Result "1-0"]
[WhiteElo "2340"]
[BlackElo "2380"]
[PlyCount "97"]
[EventDate "1999.??.??"]
[EventType "tourn (corr)"]
[EventRounds "10"]
[SourceTitle "Corr 2002"]
[Source "ChessBase"]
[SourceDate "2002.05.23"]
[SourceVersion "1"]
[SourceVersionDate "2002.05.23"]
[SourceQuality "1"]

1. e4 e5 2. Nf3 Nc6 3. Bb5 a6 4. Bxc6 dxc6 5. 0-0 Qd6 6. d4 exd4 7. Nxd4 Bd7 8. Be3 0-0-0 9. Nc3 Qg6 10. Qe2 Nh6 11. f3 Bd6 12. Qf2 f5 13. Nde2 Rhe8 14. Bf4 Kb8 15. Qg3 Qxg3 16. Bxg3 b5 17. Bh4 Bc5+ 18. Kh1 Be7 19. Bxe7 Rxe7 20. Ng3 fxe4 21. Ncxe4 Nf5 22. Rfe1 Rde8 23. Nxf5 Bxf5 24. Re2 c5 25. Kg1 c4 26. c3 Ka7 27. Kf2 Kb6 28. h4 Rd8 29. Rae1 a5 30. g4 Bxe4 31. Rxe4 Rxe4 32. Rxe4 Rd3 33. Ke2 a4 34. a3 c5 35. h5 h6 36. Re6+ Ka5 37. Rc6 Rd7 38. f4 Re7+ 39. Kf3 Rd7 40. Ke4 Rd2 41. Rc7 Rxb2 42. Kd5 Kb6 43. Rc6+ Kb7 44. Kxc5 Rb3 45. Rg6 Rxc3 46. Rxg7+ Ka6 47. Rg6+ Ka5 48. g5 hxg5 49. Rg8 1-0

[Event "Reg Gillman mem-D corr"]
[Site "England"]
[Date "1999.12.01"]
[Round "?"]
[White "Uralde, Oscar"]
[Black "Kaczorowski, Piotr"]
[Result "1/2-1/2"]
[WhiteElo "2380"]
[BlackElo "2387"]
[PlyCount "106"]
[EventDate "1999.??.??"]
[EventType "tourn (corr)"]
[EventRounds "10"]
[SourceTitle "Corr 2002"]
[Source "ChessBase"]
[SourceDate "2002.05.23"]
[SourceVersion "1"]
[SourceVersionDate "2002.05.23"]
[SourceQuality "1"]

1. d4 Nf6 2. Nf3 g6 3. c4 Bg7 4. Nc3 0-0 5. e4 d6 6. Be2 e5 7. Be3 Ng4 8. Bg5 f6 9. Bh4 Nc6 10. d5 Ne7 11. Nd2 Nh6 12. f3 c6 13. dxc6 bxc6 14. b4 Be6 15. Bf2 f5 16. 0-0 Nf7 17. Nb3 Qc7 18. b5 Rab8 19. bxc6 Nxc6 20. Nd5 Qd8 21. c5 fxe4 22. fxe4 Ng5 23. Bg4 Kh8 24. Rc1 Bg8 25. Bh4 dxc5 26. Nxc5 Rxf1+ 27. Qxf1 Nf3+ 28. Bxf3 Qxh4 29. Na6 Rf8 30. Rxc6 Bxd5 31. exd5 Qd4+ 32. Kh1 e4 33. Qc4 Qf2 34. Qe2 Rxf3 35. Qxf2 Rxf2 36. Rc8+ Bf8 37. Kg1 e3 38. Nb4 Rf7 39. Nc2 e2 40. g3 Kg7 41. Kg2 Rd7 42. Re8 Rxd5 43. Rxe2 Bc5 44. Kf3 Kf6 45. Ne3 Rd3 46. Ke4 Rd4+ 47. Kf3 h5 48. Rc2 Bb6 49. Nc4 Bd8 50. Ke3 Rd7 51. Ke4 Bc7 52. Ne3 Re7+ 53. Kd3 Rd7+ 1/2-1/2